00359nam a2200157Ia 4500008004100000041000800041100001000049245003500059260003700094300000800131365001200139500000900151520001200160650001000172999001900182230605s2002 xx 000 0 und d aeng aholst aCooking with spicesfor dummies bHermes House london c2002c2002 a308 b648h25 a1666 aGeneral aF. P. c418428d418428